| 000 | 00823nam a2200229 a 4500 | ||
|---|---|---|---|
| 001 | 12898 | ||
| 003 | BD-JhCC | ||
| 005 | 20230601111403.0 | ||
| 008 | 230601s20152004b a|||| |||| 000 0 b d | ||
| 020 | _a9848141391 | ||
| 035 | _a(BD-JhCC)12898 | ||
| 040 |
_aBD-JhCC _dBD-JhCC |
||
| 041 | _aben | ||
| 082 |
_a510 _bSAR 2015 |
||
| 100 | _aসরদার, রমজান আলী | ||
| 245 |
_aবিনোদন গণিত / _cরমজান আলী সরদার এবং আবু জায়েদ শিকদার |
||
| 260 |
_aঢাকা : _bপড়ুয়া, _c২০১৫ |
||
| 300 |
_a১৯১ পৃ. : _bচিত্রাবলী সংযোজিত, _c২১ সেমি. |
||
| 650 | _aMathematics | ||
| 700 | _aশিকদার, আবু জায়েদ | ||
| 942 |
_2ddc _cBK |
||
| 999 |
_c12898 _d12898 |
||